Fichero registral inmobiliario (Record no. 47473)

MARC details
000 -LEADER
campo de control de longitud fija 00890nam a2200229 i 4500
001 - NÚMERO DE CONTROL
campo de control 47473
003 - IDENTIFICADOR DE NÚMERO DE CONTROL
campo de control ES-MaACL
005 - FECHA Y HORA DE LA ÚLTIMA TRANSACCIÓN
campo de control 20230906161553.0
007 - CAMPO FIJO DE DESCRIPCIÓN FÍSICA--INFORMACIÓN GENERAL
campo de control de longitud fija t|
008 - DATOS DE LONGITUD FIJA--INFORMACIÓN GENERAL
campo de control de longitud fija 030428s2002 sp ||||0| spa j
020 ## - NÚMERO INTERNACIONAL ESTÁNDAR DEL LIBRO
Número Internacional Estándar del Libro 84-95240-57-2
040 ## - FUENTE DE CATALOGACIÓN
Centro catalogador/agencia de origen M-BN
Lengua de catalogación spa
Centro/agencia transcriptor M-BN
080 ## - NÚMERO DE LA CLASIFICACIÓN DECIMAL UNIVERSAL
Número de la Clasificación Decimal Universal 347.235(460)
100 1# - ENTRADA PRINCIPAL--NOMBRE DE PERSONA
Nombre de persona Villaplana García, Constancio.
9 (RLIN) 115061
245 10 - MENCIÓN DEL TÍTULO
Título Fichero registral inmobiliario
Resto del título : jurisprudencia y doctrina : apéndice 2001 /
Mención de responsabilidad, etc. Constancio Villaplana García.
260 ## - PUBLICACIÓN, DISTRIBUCIÓN, ETC.
Lugar de publicación, distribución, etc. [Madrid] :
Nombre del editor, distribuidor, etc. Centro de Estudios Registrales,
Fecha de publicación, distribución, etc. [2002]
300 ## - DESCRIPCIÓN FÍSICA
Extensión 250 p ;
Dimensiones 23 cm.
650 #4 - PUNTO DE ACCESO ADICIONAL DE MATERIA--TÉRMINO DE MATERIA
Término de materia o nombre geográfico como elemento de entrada Registro de la propiedad-
Subdivisión geográfica España-
Subdivisión de forma Jurisprudencia.
9 (RLIN) 16763
650 #4 - PUNTO DE ACCESO ADICIONAL DE MATERIA--TÉRMINO DE MATERIA
Término de materia o nombre geográfico como elemento de entrada Registro de la propiedad-
Subdivisión geográfica España-
Subdivisión de forma Dictámenes.
9 (RLIN) 16762
710 2# - ENTRADA AGREGADA--NOMBRE DE ENTIDAD CORPORATIVA
Nombre de entidad corporativa o nombre de jurisdicción como elemento de entrada Colegio de Registradores de la Propiedad y Mercantiles de España.
Unidad subordinada Centro de Estudios Registrales.
9 (RLIN) 162314
852 ## - LOCALIZACIÓN
Ubicación ES-MaACL
Número de control de estantería L-26251
Sublocalización o colección R.131582
Holdings
Estatus retirado Estado de pérdida Estado de daño No para préstamo Biblioteca de origen Biblioteca actual Ubicación en estantería Fecha de adquisición Fuente de adquisición Total de préstamos Signatura topográfica completa Código de barras Visto por última vez Precio de reemplazo Tipo de ítem Koha
        Biblioteca del Ateneo de Madrid Biblioteca del Ateneo de Madrid Depósito 2 17/01/2008     L-26251 1049948 23/02/2023 23/02/2023 Libro impreso